Catálogo
 En Linea

Juan Ponce de León, fundador y primer gobernador del pueblo puertorriqueño, descubridor de la Florida y del Estrecho de las Bahamas / (Registro nro. 7407)

Detalles MARC
000 -CABECERA
campo de control de longitud fija 00852cam a2200217 a 4500
001 - NÚMERO DE CONTROL
campo de control 000007627
005 - FECHA Y HORA DE LA ÚLTIMA TRANSACCIÓN
campo de control 20200929154234.0
008 - DATOS DE LONGITUD FIJA--INFORMACIÓN GENERAL
campo de control de longitud fija 800313s1971 sp a b s001 0bspa
040 ## - FUENTE DE LA CATALOGACIÓN
Centro catalogador/agencia de origen DO-SdBNP
Lengua de catalogación spa
Centro/agencia transcriptor BNPHU
082 ## - NÚMERO DE LA CLASIFICACIÓN DECIMAL DEWEY
Número de clasificación 923.946
Número de documento/Ítem P792m, 1971
100 1# - ENTRADA PRINCIPAL--NOMBRE DE PERSONA
Nombre de persona Murga Sanz, Vicente.
9 (RLIN) 21160
245 10 - MENCIÓN DE TÍTULO
Título Juan Ponce de León, fundador y primer gobernador del pueblo puertorriqueño, descubridor de la Florida y del Estrecho de las Bahamas /
Mención de responsabilidad, etc. Vicente Murga Sanz.
250 ## - MENCIÓN DE EDICIÓN
Mención de edición 2a ed.
260 ## - PUBLICACIÓN, DISTRIBUCIÓN, ETC.
Lugar de publicación, distribución, etc. [Río Piedras] :
Nombre del editor, distribuidor, etc. Universitaria, Universidad de Puerto Rico,
Fecha de publicación, distribución, etc. 1971.
300 ## - DESCRIPCIÓN FÍSICA
Extensión 385 p. :
Otras características físicas il. ;
Dimensiones 22 cm.
504 ## - NOTA DE BIBLIOGRAFÍA, ETC.
Nota de bibliografía, etc. Bibliografía p. [357]-360.
500 ## - NOTA GENERAL
Nota general Incluye índice.
600 10 - PUNTO DE ACCESO ADICIONAL DE MATERIA--NOMBRE DE PERSONA
Nombre de persona PONCE DE LEÓN, JUAN 1460?-1521.
Fechas asociadas al nombre 1460?-1521
9 (RLIN) 21161
651 #4 - PUNTO DE ACCESO ADICIONAL DE MATERIA--NOMBRE GEOGRÁFICO
Nombre geográfico Puerto Rico
Subdivisión general Historia
Subdivisión cronológica 1898.
9 (RLIN) 9073
650 #4 - PUNTO DE ACCESO ADICIONAL DE MATERIA--TÉRMINO DE MATERIA
Término de materia o nombre geográfico como elemento de entrada Exploradores
Subdivisión geográfica Españoles
Subdivisión general Biografía.
9 (RLIN) 21162
Existencias
Estado de retiro Estado de pérdida Restricciones de uso No para préstamo Código de colección Localización permanente Ubicación/localización actual Ubicación en estantería Fecha de adquisición Número de inventario Total de préstamos Signatura topográfica completa Código de barras Fecha visto por última vez Precio válido a partir de Tipo de ítem Koha
    Préstamo interno   Monografías: Libros y Folletos General General En catalogación 09.09.2009 LF1   923.946 P792m, 1971 7627-10 25.06.2020 25.06.2020 Préstamo interno

Con tecnología Koha